000 00748nam a2200289 a 4500
999 _c8323
_d8323
001 8323
003 BD - JhCC
005 20180310192114.0
008 881003s1987 enk 000 0 eng d
020 _a0330299387
035 _a(BD-JhCC)8323
040 _aBD-JhCC
_dBD-JhCC
041 _aeng
082 _bDEN 1987
100 1 _aDenial, M. J.
_q(Michael J.)
245 1 0 _aChemistry /
_cMike Denial
260 _aPan Books :
_bLondon,
_c1987
300 _a429 p. :
_bill. ;
_c25 cm
490 1 _aPan study aids
500 _aCover title: GCSE chemistry
500 _aA Pan original
650 0 _aChemistry
_vExaminations, questions, etc.
740 0 _aGCSE chemistry
830 0 _aPan study aids
942 _2ddc
_cBK